Japanese industrialisation and the developing countries : Model, warning, or source of healthy doubts?

Gorde:
Xehetasun bibliografikoak
Egile nagusia: Dore, R. P.
Formatua: Liburua
Hizkuntza:Undetermined
Argitaratua: Singapore Institute of Southeast Asian Studies 1971
Gaiak:
Etiketak: Etiketa erantsi
Etiketarik gabe, Izan zaitez lehena erregistro honi etiketa jartzen!
Thư viện lưu trữ: Trung tâm Học liệu Trường Đại học Cần Thơ
LEADER 00595nam a2200205Ia 4500
001 CTU_98044
008 210402s9999 xx 000 0 und d
082 |a 330.9 
082 |b D695 
100 |a Dore, R. P. 
245 0 |a Japanese industrialisation and the developing countries : 
245 0 |b Model, warning, or source of healthy doubts? 
245 0 |c R. P. Dore 
260 |a Singapore 
260 |b Institute of Southeast Asian Studies 
260 |c 1971 
650 |a Industrialization 
650 |z Japan 
904 |i Giang 
980 |a Trung tâm Học liệu Trường Đại học Cần Thơ